00634nam a2200217Ia 4500003000900000008004100009040001300050040001300063041000800076100002100084245003500105250002000140260001400160260000900174300001100183300001000194490000600204942000700210999001700217952018200234IT-RoPAU120407s9999 xx 000 0 und d aIT-RoPAU cIT-RoPAU aita aNatalino Sapegno aStoria letteraria del Trecento aMilano - Napoli aRicciardi c1953 a409 p. c23 cm v1 cBK c34225d34225 00102ddc406858_37600000000000071aPAULUSbPAULUSd2012-04-11l0o858.376r2012-04-11 00:00:00w2012-04-11yBKzInserito da: In data: n.d. fondo: Via A.Severo 56 Progr:33924